000 03532nam a2200517 i 4500
001 196878
003 ES-MaACL
005 20250825062708.0
008 241220m20132003sp a | |||| 000 0 spa
016 7 _abimoBNE20030023971
_2SpMaBN
017 _aB 23534-2011
_bOficina Depósito Legal Barcelona
020 _a9788408465867
_qObra completa
035 _a(OCoLC)52046674
035 _a(SpMaBN)bimo0001829901
040 _aSpMaBN
_bspa
_cSpMaBN
_erdc
080 _a94(460)
245 1 3 _aLa historia en su lugar :
_bnueva historia de España /
_c[dirigida por Fernando García de Cortázar y Ruiz de Aguirre]
246 3 0 _aNueva historia de España
250 _aEdición: 2013
260 _a[Barcelona] :
_bPlaneta,
_c2011.
264 _c©2013.
300 _a10 volumenes
_bilustrado a color y blanco y negro ;
_c32 cm.
336 _2rdacontent
_atexto
337 _2rdamedia
_asin mediación
338 _2rdacarrier
_avolumen
500 _aVolúmenes 7 y 8 de la segunda edición.
505 0 _a1. Los albores de la historia (desde los orígenes hasta el siglo III a.C.) (420 p.) -- 2. La Hispania romana y visigoda (siglos III a.C-VII d.C) (420 p.) -- 3. Al-Ándalus y los reinos cristianos (siglos VIII-XIII) (420 p.) -- 4. De la crisis medieval a los Reyes Católicos (siglos XIV-XV) (420 p.) -- 5. El esplendor del imperio (siglo XVI) (420 p.) -- 6. El fin de la hegemonía hispánica (siglo XVII) (420 p.) -- 7. La España de los Borbones (siglo XVIII) (420 p.) -- 8. La construcción del estado liberal (1808-1874) (420 p.) -- 9. De la restauración a la segunda república (1874-1936) (420 p.) -- 10. De la guerra civil al siglo XXI (desde 1936 hasta hoy) (440 p.)
651 4 _aEspaña-
_xHistoria
_2embne
_98209
655 7 _2tgfbne
_aLibros ilustrados
_9193653
700 1 _aGarcía de Cortázar, Fernando,
_d1942-2022
_9238039
_edrt
852 _aES-MaACL
_cDEPOJ
_jN-10334
_hDonación: Fernando Codina Rodríguez
_pVol. 1
_xEncuadernación cartoné con sobrecubiertas
_9204545
852 _aES-MaACL
_cDEPOJ
_jN-10335
_hDonación: Fernando Codina Rodríguez
_pVol. 2
_xEncuadernación cartoné con sobrecubiertas
_9206458
852 _aES-MaACL
_cDEPOJ
_jN-10336
_hDonación: Fernando Codina Rodríguez
_pVol. 3
_xEncuadernación cartoné con sobrecubiertas
_9206459
852 _aES-MaACL
_cDEPOJ
_jN-10337
_hDonación: Fernando Codina Rodríguez
_pVol. 4
_xEncuadernación cartoné con sobrecubiertas
_9206460
852 _aES-MaACL
_cDEPOJ
_jN-10338
_hDonación: Fernando Codina Rodríguez
_pv. 5
_xEncuadernación cartoné con sobrecubiertas
_9206461
852 _aES-MaACL
_cDEPOJ
_jN-10339
_hDonación: Fernando Codina Rodríguez
_pVol. 6
_xEncuadernación cartoné con sobrecubiertas
_9206462
852 _aES-MaACL
_cDEPOJ
_jN-10340
_hDonación: Fernando Codina Rodríguez
_pVol. 7
_xEncuadernación cartoné con sobrecubiertas
_9206463
852 _aES-MaACL
_cDEPOJ
_jN-10341
_hDonación: Fernando Codina Rodríguez
_pVol. 9
_xEncuadernación cartoné con sobrecubiertas
_9206464
852 _aES-MaACL
_cDEPOJ
_jN-10342
_hDonación: Fernando Codina Rodríguez
_pVol. 8
_xEncuadernación cartoné con sobrecubiertas
_9206465
852 _aES-MaACL
_cDEPOJ
_jN-10343
_hDonación: Fernando Codina Rodríguez
_pVol. 10
_xEncuadernación cartoné con sobrecubiertas
_9206466
903 _aCodina Rodríguez, Fernando
_ednr
_9238631
942 _cMONOGRAFIA
_n0
999 _c196878
_d196878